Wszystkie kraje które wygrały mundial - Statystyki

Ogólne statystyki
  • Ten quiz został rozwiązany 1 154 razy
  • Średni wynik to 21 z 22
Statystyki odpowiedzi
Wskazówki Odpowiedzi % Poprawnych
2022 Argentyna
100%
1986 Argentyna
100%
1978 Argentyna
100%
2002 Brazylia
99%
1994 Brazylia
99%
1970 Brazylia
99%
1962 Brazylia
99%
1958 Brazylia
99%
2018 Francja
99%
1998 Francja
99%
2014 Niemcy
98%
1990 RFN
98%
1974 RFN
98%
1954 RFN
98%
2010 Hiszpania
96%
2006 Włochy
93%
1982 Włochy
93%
1938 Włochy
93%
1934 Włochy
93%
1950 Urugwaj
91%
1930 Urugwaj
91%
1966 Anglia
87%
Nie znaleziono quizów pasujących do podanych kryteriów
Rozkład punktacji
Procent ludzi z każdym wynikiem
Percentyl według liczby udzielonych odpowiedzi
Twoja historia wyników
Nie rozwiązałeś tego quizu